00554nam a2200145Ia 4500008004100000100002200041245008200063245005800145260000900203300003800212440004900250650001800299999001900317952007200336171207s9999 xx 000 0 und d aClarke, Philip B. a Actors in the Classroom: The Dramatic Pedagogy Model of Counselor Education  cPhilip B. Clarke, Erin E. Binkley & Sharon M. Andrews c2017 apages 129-145, January-March 2017 aJournal of Creativity in Mental Healthv12:1 aMENTAL HEALTH c347500d347500 001040aCLbCLd2017-12-07l0r2017-12-07 00:00:00w2017-12-07ySE